000 00673nam a2200241Ia 4500
003 OSt
005 20220923225011.0
006 a|||||r|||| 00| 0
007 ta
008 220922b |||||||| |||| 00| 0 hin d
024 _a254,991
037 _cTextual
040 _aARTS
_cARTS
_bhin
041 _2hin
_ahin
082 _aO15v, 152J8
245 0 _aसंस्कृत साहित्य की रूपरेखा
246 _aSanskṛut sāhitya kī rūparekhā
260 _c1958
300 _a435पृ.
_ccm.
650 _aसंस्कृत साहित्य
942 _hO15v, 152J8
_cTEXL
_2CC
999 _c375310
_d375310